Guess the Artist of These Popular 2010's Songs - Statistics

General Stats
  • This quiz has been taken 418 times
  • The average score is 20 of 30
Answer Stats
Song Artist % Correct
Shake it Off Taylor Swift
99%
Just the Way You Are Bruno Mars
97%
Shape of You Ed Sheeran
95%
Dark Horse Katy Perry
94%
Blinding Lights The Weeknd
93%
Baby Justin Bieber
90%
Bad Guy Billie Eilish
88%
God's Plan Drake
88%
Tiktok Ke$ha
88%
Moves Like Jagger Maroon 5
80%
Timber Pitbull
73%
Royals Lorde
72%
We Found Love Rihanna
71%
No Tears Left to Cry Ariana Grande
70%
Wake Me Up Avicii
68%
See You Again Wiz Khalifa
66%
Happier Marshmello
61%
Somebody That I Used to Know Gotye
56%
Party Rock Anthem LMFAO
55%
Uptown Funk Mark Ronson
55%
Lose You to Love Me Selena Gomez
54%
Dance Monkey Tones and I
54%
Get Lucky Daft Punk
53%
Work From Home Fifth Harmony
46%
We Are Young Fun.
46%
Raise Your Glass Pink
46%
Blurred Lines Robin Thicke
43%
Ridin' Solo Jason Derulo
26%
Meant to Be Bebe Rexha
23%
Billionare Travie McCoy
13%
No matching quizzes found
Score Distribution
Percent of People with Each Score
Percentile by Number Answered
Your Score History
You have not taken this quiz